[Event "Titled Tue 23rd Jul Early"]
[Site "chess.com INT"]
[Date "2024.07.23"]
[Round "8"]
[White "Nakamura,Hi"]
[Black "Zemlyanskii,Ivan"]
[Result "1-0"]
[WhiteElo "2802"]
[BlackElo "2541"]

1.d4 d5 2.c4 e6 3.Nc3 c6 4.e3 Nf6 5.Qc2 Nbd7 6.b3 e5 7.Nf3 e4 8.Nd2 a6 9.f3 Bb4
10.fxe4 Nxe4 11.Ndxe4 dxe4 12.Qxe4+ Kf8 13.Bd2 Nf6 14.Qc2 c5 15.a3 Bxc3 16.Bxc3 Qe7
17.O-O-O Ne4 18.dxc5 Nxc3 19.Qxc3 Be6 20.b4 a5 21.Kb2 axb4 22.axb4 f6 23.Be2 Kf7
24.Bh5+ g6 25.Bf3 Ra6 26.Ra1 Rha8 27.Rxa6 Rxa6 28.Ra1 Rxa1 29.Kxa1 Qc7 30.h3 Qb8
31.Kb2 f5 32.Qd4 Qg3 33.Ka3 Qe1 34.Bd5 Qc1+ 35.Ka4 Qc2+ 36.Kb5 Qa2 37.Bxe6+ Kxe6
38.Qd5+  1-0

[Event "Titled Tue 23rd Jul Late"]
[Site "chess.com INT"]
[Date "2024.07.23"]
[Round "9"]
[White "Kamsky,G"]
[Black "Nakamura,Hi"]
[Result "1/2-1/2"]
[WhiteElo "2615"]
[BlackElo "2802"]

1.e4 a6 2.d4 e6 3.Nf3 b5 4.Bd3 c5 5.c3 d6 6.O-O Bb7 7.Re1 Nd7 8.a4 c4 9.Bc2 Ngf6
10.e5 dxe5 11.dxe5 Nd5 12.axb5 axb5 13.Rxa8 Bxa8 14.Nd4 Qb6 15.Nd2 Be7 16.Qg4 g6
17.Qg3 Nc5 18.h4 Bb7 19.h5 Kd7 20.Ne4 Nxe4 21.Bxe4 b4 22.Qf3 Ke8 23.Bd2 Bc5
24.Nc2 b3 25.Ne3 Nxe3 26.Bxe3 Bxe3 27.Rxe3 Bxe4 28.Rxe4 Qa6 29.Qf6 Rg8 30.Rd4 Qc8
31.hxg6 hxg6 32.Qh4 g5 33.Rxc4 Qa6 34.Ra4 gxh4 35.Rxa6 Rg5 36.Rb6 Rxe5 37.Rxb3 Re2
38.Rb4 Rc2 39.f3 f5 40.Kh2 Kf7 41.Kh3 Kf6 42.f4 Rf2 43.Kxh4 Rxg2 44.Kh3 Rg4
45.Rd4 Rg1 46.Kh2 Re1 47.Kg3 e5 48.Rd6+ Ke7 49.fxe5 Rxe5 50.Rd4 Re2 51.Rb4 Ke6
52.Kf3 Rh2 53.Rb5 Rh3+ 54.Kf4 Rh4+ 55.Kg3 Re4 56.Kf3 Rh4 57.Rc5 Kf6 58.b4 Kg5
59.b5 Rh2 60.b6 Rb2 61.Rc6 Rb3 62.Ke3 Kg4 63.Kd4 f4 64.c4 f3 65.c5 f2 66.Rf6 Rf3
67.Rxf3 Kxf3 68.b7 f1=Q 69.b8=Q Qd1+ 70.Ke5 Qe1+ 71.Kd4 Qe3+ 72.Kc4 Qe4+
73.Kc3 Qe1+ 74.Kc4 Qe4+ 75.Kc3 Qe1+ 76.Kc4 Qe4+  1/2-1/2

[Event "Titled Tue 23rd Jul Early"]
[Site "chess.com INT"]
[Date "2024.07.23"]
[Round "9"]
[White "Esipenko,Andrey"]
[Black "Nakamura,Hi"]
[Result "1/2-1/2"]
[WhiteElo "2671"]
[BlackElo "2802"]

1.e4 d5 2.exd5 Qxd5 3.Nc3 Qa5 4.d4 c6 5.Nf3 Nf6 6.Ne5 Be6 7.Bc4 Bxc4 8.Nxc4 Qa6
9.Qe2 e6 10.O-O Nbd7 11.Bg5 Nb6 12.Ne5 Qxe2 13.Nxe2 Nfd7 14.Nd3 f6 15.Be3 Nc4
16.Bc1 c5 17.b3 Ncb6 18.c4 Kf7 19.Be3 cxd4 20.Nxd4 e5 21.Nb5 a6 22.Nc3 Rc8
23.Rad1 Be7 24.a4 Rhe8 25.a5 Na8 26.Nd5 Bd8 27.Bd2 Nc7 28.Nc3 e4 29.Nf4 f5
30.Be3 Nf6 31.Bb6 g5 32.Nfe2 Ne6 33.Na4 Bxb6 34.Nxb6 Rcd8 35.b4 f4 36.f3 e3
37.g3 Kg6 38.Kg2 Kf5 39.c5 h5 40.Nc4 Kg6 41.Nd6 Re7 42.h4 Rf8 43.hxg5 Kxg5
44.Rh1 Rg7 45.Nc4 fxg3 46.Rd4 Nxd4 47.Nxd4 Re7 48.Ne2 Nd5 49.Kxg3 Rg8 50.f4+ Kh6+
51.Kf3 Rf8 52.Nd6 Rg7 53.f5 Rg5 54.Nd4 Nxb4 55.Ne6 Rfxf5+ 56.Nxf5+ Rxf5+
57.Ke4 Rf6 58.Nf4 Kg5 59.Rg1+ Kh6 60.Rh1 Nc2 61.Rxh5+ Kg7 62.Rh2 Na3 63.Nh5+ Kf7
64.Nxf6 Kxf6 65.Kxe3 Nc4+ 66.Kd4 Nxa5 67.Kd5 Ke7 68.Rh7+ Kd8 69.Kd6 Nc4+
70.Kd5 Na5 71.c6 bxc6+ 72.Kc5 Nb3+ 73.Kd6 Ke8 74.Kxc6 Nd4+ 75.Kd5 Nb5 76.Kc5 Nc3
77.Kb6 Nd5+ 78.Kxa6 Nf6 79.Rh1 Nd7 80.Kb5 Ke7 81.Kc6 Ne5+ 82.Kd5 Nf7 83.Rf1 Ng5
84.Rg1 Nf7 85.Rg7 Kf6 86.Rxf7+ Kxf7  1/2-1/2

[Event "Titled Tue 23rd Jul Late"]
[Site "chess.com INT"]
[Date "2024.07.23"]
[Round "10"]
[White "Nakamura,Hi"]
[Black "Bok,B"]
[Result "1-0"]
[WhiteElo "2802"]
[BlackElo "2587"]

1.h4 d5 2.d4 Nf6 3.Bf4 c5 4.c3 Nc6 5.e3 Qb6 6.Qc1 Bf5 7.Nf3 e6 8.Nbd2 Be7
9.h5 h6 10.Ne5 Rc8 11.Nxc6 bxc6 12.Be2 O-O 13.f3 cxd4 14.exd4 c5 15.Nb3 cxd4
16.Nxd4 Bh7 17.Qd2 Nd7 18.Be3 Qb7 19.O-O Bf6 20.Rac1 a6 21.Rfd1 Rfd8 22.b3 Nc5
23.Bf1 e5 24.Nc2 a5 25.Na3 d4 26.cxd4 exd4 27.Bf4 Ne6 28.Rxc8 Rxc8 29.Bg3 Qd5
30.Nc4 Rc5 31.a3 a4 32.Qb4 axb3 33.Qxb3 d3 34.Qb8+ Bd8 35.Ne3 Qg5 36.Bf2 Rc3
37.Qb4 Bf6 38.Ng4 Bf5 39.Nxf6+ Qxf6 40.a4 Kh7 41.g4 Ng5 42.gxf5 Nxf3+ 43.Kg2 Qxf5
44.Qxc3 Qg4+ 45.Bg3 Nh4+ 46.Kh2 Nf3+ 47.Kh1 Qxg3 48.Bxd3+ g6 49.Bxg6+ Kg8
50.Rd8+  1-0

[Event "Titled Tue 23rd Jul Early"]
[Site "chess.com INT"]
[Date "2024.07.23"]
[Round "10"]
[White "Nakamura,Hi"]
[Black "Dominguez Perez,L"]
[Result "1-0"]
[WhiteElo "2802"]
[BlackElo "2748"]

1.e4 e5 2.Bc4 Nf6 3.d3 Nc6 4.Nc3 Bc5 5.h3 d6 6.Nge2 Be6 7.O-O h6 8.Ng3 O-O
9.Be3 Bb6 10.Qf3 Nd4 11.Bxd4 Bxd4 12.Bb3 a5 13.Rab1 c6 14.Bxe6 fxe6 15.Qd1 Qe8
16.Kh2 Qg6 17.Nce2 Ba7 18.f4 Ng4+ 19.hxg4 Qxg4 20.d4 exf4 21.Nh1 Qh4+ 22.Kg1 e5
23.c3 Rae8 24.Qd3 d5 25.Nf2 exd4 26.cxd4 f3 27.gxf3 Re6 28.e5 Qh5 29.Ng4 Qg5
30.Kh1 Rg6 31.Rg1 Qh4+ 32.Nh2 Re6 33.Rg4  1-0

[Event "Titled Tue 23rd Jul Early"]
[Site "chess.com INT"]
[Date "2024.07.23"]
[Round "11"]
[White "Lazavik,Denis"]
[Black "Nakamura,Hi"]
[Result "1-0"]
[WhiteElo "2578"]
[BlackElo "2802"]

1.d4 e6 2.c4 b6 3.e4 Bb7 4.Bd3 g6 5.Nf3 Bg7 6.Nc3 d6 7.Be3 Ne7 8.Qd2 h6 9.h4 a6
10.O-O-O Nd7 11.Kb1 c5 12.Bc2 Qc8 13.Rhe1 b5 14.cxb5 axb5 15.dxc5 Nxc5 16.Qxd6 Bxc3
17.Bxc5 Bf6 18.Ne5 Nc6 19.Nd7 Be7 20.Qd2 Qc7 21.Qc3 O-O-O 22.Bb6 Bb4 23.Bxc7 Bxc3
24.Bxd8 Bxe1 25.Bf6 Rg8 26.Rxe1 Kxd7 27.Rd1+ Kc7 28.a3 Na5 29.Bd3 Nc4 30.f3 Bc6
31.Bxc4 bxc4 32.Rd4 Bb5 33.Kc2 g5 34.hxg5 hxg5 35.g4 Rg6 36.Be5+ Kc8 37.Kc3 Rh6
38.Kb4 Bc6 39.Rxc4 Kb7 40.Kc5 Be8 41.Rb4+ Ka7 42.Kd6 f5 43.Bd4+ Ka6 44.Rb6+ Ka5
45.Rb8 e5+ 46.Kxe5 Bc6 47.gxf5 Rh3 48.Bc3+ Ka6 49.Kd6 Bb5 50.f6 Rxf3 51.e5 g4
52.e6 g3 53.Rg8 Bc4 54.f7  1-0

[Event "Titled Tue 23rd Jul Late"]
[Site "chess.com INT"]
[Date "2024.07.23"]
[Round "11"]
[White "Erigaisi,Arjun"]
[Black "Nakamura,Hi"]
[Result "0-1"]
[WhiteElo "2778"]
[BlackElo "2802"]

1.e4 d5 2.exd5 Qxd5 3.Nc3 Qa5 4.Nf3 c6 5.Bc4 Bf5 6.O-O e6 7.d4 Bd6 8.Bd2 Qc7
9.h3 Nf6 10.Nh4 Bg6 11.Nxg6 hxg6 12.Qf3 Nbd7 13.Rfe1 O-O-O 14.a4 Nb6 15.Bd3 Bh2+
16.Kh1 Rxd4 17.g3 Rxh3 18.Kg2 Rdh4 19.Bf4 Qd8 20.Rad1 Nbd5 21.Be5 Nd7 22.Nxd5 Nxe5
23.Rxe5 Bxg3 24.fxg3 Rh2+ 25.Kg1 Rh1+ 26.Kf2 R4h2+ 27.Ke3 cxd5 28.Rxh1 Qb6+
29.Kf4 Qd4+ 30.Be4 Rf2  0-1

[Event "chess.com SpeedChess 2024"]
[Site "chess.com INT"]
[Date "2024.07.25"]
[Round "1.17"]
[White "Nakamura,Hi"]
[Black "Martinez Alcantara,Jose Eduardo"]
[Result "1-0"]
[WhiteElo "2802"]
[BlackElo "2612"]

1.d4 Nf6 2.Bg5 e6 3.e4 h6 4.Bxf6 Qxf6 5.Nc3 Bb4 6.Qd2 d5 7.e5 Qd8 8.a3 Be7
9.f4 c5 10.Nf3 Nc6 11.Ne2 O-O 12.g3 Qb6 13.O-O-O Bd7 14.g4 Rfc8 15.f5 cxd4
16.f6 gxf6 17.Qxh6 Nxe5 18.Nexd4 Bf8 19.Qh5 Bg7 20.Bd3 Nxd3+ 21.Rxd3 e5 22.Rf1 exd4
23.Ng5 Be8 24.Nh7 Qe6 25.g5 fxg5 26.Nxg5 Qh6 27.Qg4 Qg6 28.Kb1 Bb5 29.Rxf7 Bxd3
30.cxd3 Qxd3+ 31.Ka2 Qg6 32.h4 Rc1 33.Rf5 Qc6 34.Rf3 Qc4+ 35.Rb3 Re8 36.Qh5 Re7
37.Qh7+ Kf8 38.h5 Qf1 39.Rf3+ Qxf3 40.Nxf3 Rc6 41.Nh4 Ke8 42.Nf5 Bf6 43.Nxe7 Bxe7
44.Qh8+ Kf7 45.Qxd4 Rd6 46.h6 Bf6 47.Qf4 Rd8 48.h7 d4 49.Qf3 d3 50.h8=Q Rxh8
51.Qxb7+ Ke6 52.Qe4+ Be5 53.Qc4+ Kf6 54.Qxd3 Re8 55.Qa6+ Re6 56.Qxa7 Rd6
57.Qf2+ Ke7 58.Qe3 Ke6 59.b4 Rd4 60.Kb3 Kd5 61.Qf3+ Re4 62.Kc2  1-0

[Event "chess.com SpeedChess 2024"]
[Site "chess.com INT"]
[Date "2024.07.25"]
[Round "1.16"]
[White "Martinez Alcantara,Jose Eduardo"]
[Black "Nakamura,Hi"]
[Result "1-0"]
[WhiteElo "2612"]
[BlackElo "2802"]

1.e4 d5 2.exd5 Qxd5 3.Nc3 Qa5 4.Nf3 c6 5.d4 Bf5 6.Bc4 Nf6 7.Bd2 e6 8.Qe2 Bb4
9.O-O-O Nbd7 10.Bb3 O-O-O 11.Kb1 Bxc3 12.Bxc3 Qc7 13.h3 Kb8 14.Bd2 Ka8 15.Rhe1 Nb6
16.Ba5 Rd6 17.g4 Bg6 18.Ka1 Rhd8 19.Bb4 R6d7 20.c3 Rc8 21.Ne5 Rdd8 22.h4 h6
23.Nxg6 fxg6 24.Bxe6 Rb8 25.Qe5 Qxe5 26.dxe5 Nfd5 27.Bd6 Nf4  1-0

[Event "chess.com SpeedChess 2024"]
[Site "chess.com INT"]
[Date "2024.07.25"]
[Round "1.15"]
[White "Nakamura,Hi"]
[Black "Martinez Alcantara,Jose Eduardo"]
[Result "1-0"]
[WhiteElo "2802"]
[BlackElo "2612"]

1.d4 Nf6 2.Bg5 Ne4 3.Bf4 d5 4.e3 c5 5.Bd3 Nf6 6.c3 Nc6 7.Nd2 Bg4 8.Ngf3 cxd4
9.exd4 e6 10.h3 Bh5 11.O-O Bd6 12.Bxd6 Qxd6 13.Re1 O-O 14.Qb1 Bg6 15.Ne5 Bxd3
16.Qxd3 Nd7 17.Nxd7 Qxd7 18.Re3 Qd6 19.Rae1 b5 20.Nf3 b4 21.Ng5 g6 22.h4 bxc3
23.bxc3 Ne7 24.h5 Qf4 25.Nh3 Qf5 26.hxg6 hxg6 27.Qe2 Rac8 28.Rf3 Qg4 29.Qe5 Nf5
30.Nf4 Ng7 31.Rh3 Qf5 32.Qe3 Rc7 33.Qg3 Rc6 34.Qh4 f6 35.Qh6 Kf7 36.Rf3 Rg8
37.Nd3 Rxc3 38.Rxf5 Nxf5 39.Qd2 Rc4 40.Qb2 Rgc8 41.Nc5 Nxd4 42.Qb7+  1-0

[Event "chess.com SpeedChess 2024"]
[Site "chess.com INT"]
[Date "2024.07.25"]
[Round "1.13"]
[White "Nakamura,Hi"]
[Black "Martinez Alcantara,Jose Eduardo"]
[Result "0-1"]
[WhiteElo "2802"]
[BlackElo "2612"]

1.e4 c5 2.Nf3 d6 3.d4 cxd4 4.Qxd4 Nf6 5.Qe3 g6 6.c4 Bg7 7.Nc3 O-O 8.Bd3 Nbd7
9.h3 Nc5 10.Be2 Be6 11.O-O Rc8 12.Rd1 Qb6 13.Ng5 Ncd7 14.Nxe6 fxe6 15.Rb1 Qxe3
16.Bxe3 a6 17.a4 Nc5 18.f3 Nh5 19.Bd4 Bxd4+ 20.Rxd4 a5 21.Bd1 Nf4 22.Rd2 Kg7
23.h4 e5 24.b3 Nfe6 25.Ne2 h5 26.Bc2 Kh6 27.Kf2 Rf7 28.Ke3 Rcf8 29.Rh1 Kg7
30.Rdd1 Nd8 31.Rdg1 Nc6 32.Rh3 Ne6 33.Bd1 Kh6 34.Nc3 Ned4 35.Kd2 Nd8 36.Nd5 N8e6
37.Rh2 Nc5 38.Kc3 e6 39.Ne3 Rf4 40.Rgh1 R8f7 41.Rh3 Kg7 42.Rg1 Ncxb3 43.Bxb3 Ne2+
44.Kd3 Nxg1 45.Rh1 Nxf3 46.gxf3 Rxf3 47.c5 Rg3 48.cxd6 Rd7 49.Bxe6 Rxd6+
50.Bd5 Rb6 51.Rc1 Rb4 52.Rc7+ Kh6 53.Kd2 Rh3 54.Bg8 Rxh4 55.Bd5 Rh2+ 56.Kc1 Rxa4
57.Kb1 Rb4+ 58.Kc1 a4 59.Nc2 Rb6 60.Bxb7 h4 61.Bc8 h3 62.Rc3 Rh1+ 63.Kd2 h2
64.Rh3+ Kg7 65.Bg4 Rd6+ 66.Kc3 Rc6+ 67.Kb2 Rc4 68.Be2 Rc8 69.Na3 Rb8+ 70.Ka2 Rb3
71.Rh4 Rg3  0-1

[Event "chess.com SpeedChess 2024"]
[Site "chess.com INT"]
[Date "2024.07.25"]
[Round "1.14"]
[White "Martinez Alcantara,Jose Eduardo"]
[Black "Nakamura,Hi"]
[Result "1/2-1/2"]
[WhiteElo "2612"]
[BlackElo "2802"]

1.e4 e5 2.Nf3 Nc6 3.Nc3 Nf6 4.h3 a6 5.d4 exd4 6.Nxd4 Bb4 7.Nxc6 bxc6 8.Bd3 O-O
9.O-O d5 10.e5 Nd7 11.f4 Nc5 12.a3 Bxc3 13.bxc3 f5 14.Be3 Ne6 15.Rb1 a5 16.Qe2 a4
17.Kh2 Qe7 18.Ra1 g6 19.Rfd1 c5 20.Qf2 c6 21.c4 d4 22.Bd2 Ba6 23.Qf3 Qd7
24.Rab1 Rab8 25.Rxb8 Rxb8 26.g4 Ng7 27.Rg1 Rf8 28.Be1 Qe6 29.Qf1 fxg4 30.hxg4 g5
31.Qh3 h6 32.f5 Qxe5+ 33.Bg3 Qf6 34.Re1 Re8 35.Qf1 h5 36.Rxe8+ Nxe8 37.Qe2 Qf7
38.Be5 Bc8 39.Qe4 hxg4 40.Qxg4 Qe7 41.Bf4 Ng7 42.Bxg5 Qe5+ 43.Bf4 Bxf5 44.Bxe5 Bxg4
45.Bd6 Ne6 46.Be4 Bd1 47.Kg3 Ng5 48.Bxc6 Bxc2 49.Bxc5 Ne4+ 50.Bxe4 Bxe4 51.Bxd4 Kf7
52.Kf4 Bh1 53.Ke5 Ke7  1/2-1/2

[Event "chess.com SpeedChess 2024"]
[Site "chess.com INT"]
[Date "2024.07.25"]
[Round "1.12"]
[White "Martinez Alcantara,Jose Eduardo"]
[Black "Nakamura,Hi"]
[Result "0-1"]
[WhiteElo "2612"]
[BlackElo "2802"]

1.e4 d5 2.exd5 Qxd5 3.Nc3 Qa5 4.Bc4 c6 5.Nf3 Bf5 6.d4 e6 7.Bd2 Nf6 8.d5 Qc5
9.Qe2 cxd5 10.Bb5+ Nbd7 11.Be3 Qd6 12.O-O-O Rc8 13.Bd4 Be7 14.Bxf6 gxf6 15.Nd4 Bg6
16.h4 h5 17.Rhe1 Kf8 18.Bxd7 Qxd7 19.f4 Rxc3 20.bxc3 Be4 21.Nb3 Qc7 22.Kb2 f5
23.g3 Bf6 24.Qd2 Kg7 25.Re3 Rc8 26.Nd4 b5 27.a3 Qa5 28.Ra1 Rc4 29.Nb3 Qc7
30.Rc1 a5 31.Nd4 b4  0-1

[Event "chess.com SpeedChess 2024"]
[Site "chess.com INT"]
[Date "2024.07.25"]
[Round "1.11"]
[White "Nakamura,Hi"]
[Black "Martinez Alcantara,Jose Eduardo"]
[Result "1-0"]
[WhiteElo "2802"]
[BlackElo "2612"]

1.e4 c5 2.Nf3 d6 3.d4 cxd4 4.Qxd4 Nf6 5.Qe3 g6 6.c4 Bg7 7.Nc3 O-O 8.h3 Qb6
9.Qd2 Be6 10.Bd3 Nbd7 11.Rb1 Nc5 12.O-O Qa6 13.b3 Nxd3 14.Qxd3 d5 15.Qe2 dxc4
16.b4 Rfd8 17.Bb2 Nh5 18.Nd5 Bxd5 19.Bxg7 Kxg7 20.exd5 Rxd5 21.Qxe7 Rad8
22.Ne5 Qf6 23.Qxf6+ Nxf6 24.Nxc4 b6 25.Rfe1 Rc8 26.Ne3 Rd2 27.a4 Ne4 28.Nf1 Rd4
29.a5 Nc3 30.Rb2 Nd5 31.axb6 axb6 32.b5 Rc5 33.Nd2 Rb4 34.Rxb4 Nxb4 35.Rb1 Na2
36.Ne4 Re5 37.Nd6 Rd5 38.Ne8+ Kf8 39.Nf6 Rd2 40.Nxh7+ Ke7 41.Re1+ Kd7 42.Ng5 f5
43.Nf3 Rb2 44.Ne5+ Kc7 45.Nxg6 Rxb5 46.h4 Nc3 47.h5 Ne4 48.h6  1-0

[Event "chess.com SpeedChess 2024"]
[Site "chess.com INT"]
[Date "2024.07.25"]
[Round "1.10"]
[White "Martinez Alcantara,Jose Eduardo"]
[Black "Nakamura,Hi"]
[Result "1/2-1/2"]
[WhiteElo "2612"]
[BlackElo "2802"]

1.e4 d5 2.exd5 Qxd5 3.Nc3 Qa5 4.Nf3 c6 5.Bc4 Bf5 6.d4 e6 7.Bd2 Nf6 8.Qe2 Bb4
9.Bb3 Nbd7 10.a3 O-O 11.O-O Bxc3 12.Bxc3 Qc7 13.Rfe1 b5 14.a4 a6 15.Bd2 Be4
16.Ne5 Bd5 17.c4 bxc4 18.Bxc4 Nxe5 19.dxe5 Bxc4 20.Qxc4 Nd5 21.b4 Rfc8 22.Rac1 Qb7
23.Qg4 Ne7 24.Rc5 Nf5 25.Rec1 Rd8 26.Qe2 a5 27.R5c4 axb4 28.Rxb4 Qd7 29.Be1 c5
30.Rxc5 Rxa4 31.Rc1 Rxb4 32.Bxb4 h6 33.h3 Qa4 34.Bc3  1/2-1/2

[Event "chess.com SpeedChess 2024"]
[Site "chess.com INT"]
[Date "2024.07.25"]
[Round "1.9"]
[White "Nakamura,Hi"]
[Black "Martinez Alcantara,Jose Eduardo"]
[Result "1/2-1/2"]
[WhiteElo "2802"]
[BlackElo "2612"]

1.e4 c5 2.Nf3 d6 3.d4 cxd4 4.Qxd4 Nf6 5.Be2 g6 6.Qe3 Bg7 7.h3 O-O 8.O-O Qb6
9.Nc3 Nc6 10.Qxb6 axb6 11.Be3 Nd7 12.Rfd1 Bxc3 13.bxc3 Nc5 14.Nd2 Be6 15.a3 Na4
16.Nb1 Rfc8 17.f3 Ne5 18.Bd4 Bc4 19.Bd3 Bxd3 20.cxd3 Nb2 21.Rd2 Nbxd3 22.Bxb6 Nc1
23.Rb2 Ncd3 24.Rd2 Nc4 25.Rxd3 Nxb6 26.Nd2 Na4 27.c4 Nc5 28.Rc3 Ra4 29.Kf1 Rc7
30.h4 h5 31.Rb1 Ra8 32.Ke2 Kg7 33.Nf1 Rc6 34.Ne3 Rca6 35.Nc2 f5 36.exf5 gxf5
37.g3 Kf6 38.Kf2 e6 39.Ke2 Ke7 40.Kf2 Kf6 41.Ke2 Ke7 42.Kf2 Kf6  1/2-1/2

[Event "chess.com SpeedChess 2024"]
[Site "chess.com INT"]
[Date "2024.07.25"]
[Round "1.8"]
[White "Martinez Alcantara,Jose Eduardo"]
[Black "Nakamura,Hi"]
[Result "0-1"]
[WhiteElo "2612"]
[BlackElo "2802"]

1.e4 d5 2.exd5 Qxd5 3.Nc3 Qa5 4.d4 c6 5.Nf3 Nf6 6.Bc4 Bf5 7.Bd2 e6 8.Qe2 Bb4
9.O-O-O Nbd7 10.Bb3 O-O-O 11.Kb1 Bxc3 12.Bxc3 Qc7 13.Bd2 c5 14.Be3 Kb8 15.dxc5 Nxc5
16.Nd4 Nxb3 17.axb3 Rd5 18.Nxf5 Rxf5 19.Rd4 Nd5 20.Bc1 Rc8 21.Rc4 Qe5 22.Rxc8+ Kxc8
23.Qc4+ Qc7 24.Qe2 Nb4 25.c3 Nc6 26.Be3 Rd5 27.Qg4 g6 28.Qe4 Rb5 29.b4 a5
30.Qc4 Rd5 31.b5 Ne7 32.Qa4 Nf5 33.Bf4 e5 34.Bg5 Nd6 35.c4 Rd4 36.b6 Qd7
37.Qxa5 Qf5+ 38.Ka2 Qxg5 39.c5 e4 40.Qa8+ Kd7 41.cxd6 Qd5+ 42.Ka1 Qc6 43.Kb1 e3
44.f3 e2  0-1

[Event "chess.com SpeedChess 2024"]
[Site "chess.com INT"]
[Date "2024.07.25"]
[Round "1.7"]
[White "Nakamura,Hi"]
[Black "Martinez Alcantara,Jose Eduardo"]
[Result "1/2-1/2"]
[WhiteElo "2802"]
[BlackElo "2612"]

1.e4 c5 2.Nf3 d6 3.d4 cxd4 4.Qxd4 Nf6 5.Qe3 g6 6.h3 Bg7 7.c4 O-O 8.Nc3 Qb6
9.Qd2 Be6 10.Rb1 Nbd7 11.Bd3 Nc5 12.O-O Qb4 13.a3 Qb3 14.Nd4 Qb6 15.Nxe6 fxe6
16.Bc2 Nh5 17.b4 Nd7 18.Ne2 Ne5 19.Bb3 Rf3 20.Qa2 Rd3 21.Bc2 Qc6 22.Bxd3 Nxd3
23.Qc2 Qxe4 24.Nf4 Nhxf4 25.Bxf4 Rc8 26.Rbd1 Nc5 27.Qd3  1/2-1/2

[Event "chess.com SpeedChess 2024"]
[Site "chess.com INT"]
[Date "2024.07.25"]
[Round "1.6"]
[White "Martinez Alcantara,Jose Eduardo"]
[Black "Nakamura,Hi"]
[Result "1-0"]
[WhiteElo "2612"]
[BlackElo "2802"]

1.e4 d5 2.exd5 Qxd5 3.Nc3 Qa5 4.Nf3 c6 5.Bc4 Bf5 6.d4 e6 7.Bd2 Qc7 8.Qe2 Nf6
9.O-O-O Bg4 10.h3 Bxf3 11.Qxf3 Nbd7 12.g4 Bd6 13.Kb1 Nb6 14.Bb3 Nbd5 15.Ne2 b5
16.g5 Nd7 17.h4 N7b6 18.h5 O-O-O 19.Ba5 Qe7 20.Bxb6 axb6 21.Rhg1 b4 22.c4 bxc3
23.Nxc3 Kb7 24.Rc1 Bb8 25.Ne4 Rc8 26.a3 Rhd8 27.h6 g6 28.Rc2 Qc7 29.Rgc1 Qf4
30.Qe2 Qf5 31.Bc4 Nf4 32.Qe3 Ng2 33.Qe2 Nf4 34.Qe3 Ba7 35.a4 Nd5 36.Bxd5 Qxd5
37.Nf6 Qxd4 38.Nxh7 Qxa4 39.Qf3 Rc7 40.Nf6 b5 41.Rxc6  1-0

[Event "chess.com SpeedChess 2024"]
[Site "chess.com INT"]
[Date "2024.07.25"]
[Round "1.5"]
[White "Nakamura,Hi"]
[Black "Martinez Alcantara,Jose Eduardo"]
[Result "1-0"]
[WhiteElo "2802"]
[BlackElo "2612"]

1.e4 c5 2.Nf3 d6 3.d4 cxd4 4.Qxd4 Nc6 5.Qe3 Nf6 6.Be2 Bg4 7.O-O g6 8.c4 Bg7
9.Nc3 O-O 10.Rb1 Qb6 11.Qd2 Qa5 12.b4 Qd8 13.Ne1 Bxe2 14.Qxe2 Rc8 15.Be3 Ng4
16.Qxg4 Bxc3 17.Nd3 Bd4 18.Bh6 Re8 19.Rfd1 Qc7 20.Rbc1 b6 21.Qe2 e5 22.b5 Nd8
23.Nb4 f6 24.Nd5 Qf7 25.Qf3 Re6 26.Be3 Bxe3 27.fxe3 Kg7 28.g4 Re8 29.Rf1 Rf8
30.g5 f5 31.exf5 gxf5 32.Nf6 Qg6 33.Qxf5 Qxf5 34.Rxf5 Ne6 35.h4 h6 36.gxh6+ Kg6
37.Rcf1 Rxc4 38.Rh5 Rh8 39.h7 Rc7 40.Rhf5 Rg7 41.Kh2 Nc5 42.Rg5+ Kh6 43.Ng4+ Kxh7
44.Nf6+ Kh6 45.Rh5+  1-0

[Event "chess.com SpeedChess 2024"]
[Site "chess.com INT"]
[Date "2024.07.25"]
[Round "1.4"]
[White "Martinez Alcantara,Jose Eduardo"]
[Black "Nakamura,Hi"]
[Result "1/2-1/2"]
[WhiteElo "2612"]
[BlackElo "2802"]

1.e4 d5 2.exd5 Qxd5 3.Nc3 Qa5 4.d4 c6 5.Nf3 Nf6 6.Bc4 Bf5 7.Bd2 Qc7 8.Qe2 e6
9.O-O-O Nbd7 10.Nh4 Bg6 11.Nxg6 hxg6 12.g3 O-O-O 13.Bb3 Kb8 14.Bg5 Rc8 15.Kb1 Ka8
16.h4 Bd6 17.Ne4 Nxe4 18.Qxe4 c5 19.c4 Nf6 20.Qf3 cxd4 21.Rxd4 Be5 22.Rd2 Rhd8
23.Rhd1 Rxd2 24.Rxd2 Rd8 25.Qe2 Rxd2 26.Bxd2 Bd4 27.Bf4 Qb6 28.f3 a5 29.Bc1 Nd7
30.Ba4 Nc5 31.Bb5 Qd6 32.f4 f5 33.h5 gxh5 34.Qxh5 Ne4 35.Qe8+ Ka7 36.Qd7 Qxd7
37.Bxd7 Nc5 38.Be8 Bf2 39.Bh5 Kb8 40.g4 g6 41.Bxg6 fxg4 42.Bh5 g3 43.Bf3 Nd3
44.Bd2 b6 45.Kc2 Nc5 46.Kd1 Kc7 47.Ke2 Kd7 48.Bc3 Ke7 49.b3 Nd7 50.Bg2 Nf8
51.Kf3 Ng6 52.Kg4 Be3 53.Kxg3 Bxf4+ 54.Kf3 Bd6 55.Ke4 Bc5 56.Bd2 Nf8 57.Bg5+ Kd6
58.Bf4+ Kd7 59.Bh3 Ng6 60.Bc1 Ne7 61.Bb2 Nc6 62.Bc3 Kd6 63.Bg4 Kd7 64.Bh3 Kd6
65.Bg4 Kd7 66.Bh3  1/2-1/2

[Event "chess.com SpeedChess 2024"]
[Site "chess.com INT"]
[Date "2024.07.25"]
[Round "1.3"]
[White "Nakamura,Hi"]
[Black "Martinez Alcantara,Jose Eduardo"]
[Result "1-0"]
[WhiteElo "2802"]
[BlackElo "2612"]

1.e4 c5 2.Nf3 d6 3.d4 cxd4 4.Qxd4 Nf6 5.Qe3 g6 6.h3 Bg7 7.c4 Qb6 8.Qd3 O-O
9.Nc3 Nc6 10.Be2 Be6 11.O-O a5 12.Be3 Qc7 13.Rac1 Nd7 14.Nd5 Qd8 15.b3 a4
16.b4 Bxd5 17.cxd5 Nxb4 18.Qb1 Na6 19.Bxa6 bxa6 20.Nd4 Rb8 21.Qc2 Bxd4 22.Bxd4 Qa5
23.Qc7 Qxc7 24.Rxc7 Rfd8 25.Rfc1 f5 26.exf5 gxf5 27.Ra7 Rb4 28.Be3 f4 29.Bd2 Rb5
30.Rcc7 Rxd5 31.Bxf4 Rf8 32.Bh6 Rf6 33.Rxd7 Rxh6 34.Rxe7 Rf6 35.Rg7+ Kf8
36.Rxh7 Kg8 37.Rhg7+ Kf8 38.Rgb7 Rd1+ 39.Kh2 Re1 40.f3 d5 41.Rd7  1-0

[Event "chess.com SpeedChess 2024"]
[Site "chess.com INT"]
[Date "2024.07.25"]
[Round "1.2"]
[White "Martinez Alcantara,Jose Eduardo"]
[Black "Nakamura,Hi"]
[Result "1/2-1/2"]
[WhiteElo "2612"]
[BlackElo "2802"]

1.e4 d5 2.exd5 Qxd5 3.Nc3 Qa5 4.d4 c6 5.Nf3 Nf6 6.Bc4 Bf5 7.Bd2 Qc7 8.Qe2 e6
9.O-O-O Nbd7 10.Nh4 Bg6 11.Nxg6 hxg6 12.g3 O-O-O 13.Bb3 Nb6 14.Bg5 Be7 15.h4 Nfd5
16.Ne4 Kb8 17.Bd2 Ka8 18.Kb1 c5 19.dxc5 Bxc5 20.Nxc5 Qxc5 21.Qf3 Rd7 22.Bg5 a5
23.a3 a4 24.Bxd5 Nxd5 25.Qe4 Qc6 26.Ka1 Rc8 27.Rd4 b5 28.Rc1 Nb6 29.Qxc6+ Rxc6
30.Rxd7 Nxd7 31.Rd1 Nb6 32.Rd8+ Kb7 33.Kb1 f6 34.Bd2 Nd5 35.Ba5 Ra6 36.Bb4 Nxb4
37.axb4 Rc6 38.c3 Rc7 39.Kc2 Kc6 40.b3 axb3+ 41.Kxb3 Ra7 42.Rc8+ Kb6 43.f4 Re7
44.Rb8+ Kc6 45.Rc8+ Kb6 46.Rb8+ Kc6 47.Rc8+ Kb6  1/2-1/2

[Event "chess.com SpeedChess 2024"]
[Site "chess.com INT"]
[Date "2024.07.25"]
[Round "1.1"]
[White "Nakamura,Hi"]
[Black "Martinez Alcantara,Jose Eduardo"]
[Result "1-0"]
[WhiteElo "2802"]
[BlackElo "2612"]

1.e4 c5 2.Nf3 d6 3.d4 cxd4 4.Qxd4 Nc6 5.Qe3 Nf6 6.c4 g6 7.Nc3 Bg7 8.h3 O-O
9.Be2 Qb6 10.Qd2 Be6 11.Rb1 Nd7 12.b3 Nd4 13.Bb2 Nxf3+ 14.Bxf3 Ne5 15.Be2 Nc6
16.O-O Qa5 17.Rfd1 Rac8 18.Qe3 Qc5 19.Qg3 Be5 20.Qd3 Bd4 21.Rf1 a6 22.Rbd1 Bg7
23.Na4 Qa5 24.Bxg7 Kxg7 25.f4 f6 26.Kh1 Nb8 27.Qe3 Nd7 28.Nc3 Qc5 29.Qg3 Rce8
30.Bg4 Bxg4 31.Qxg4 Qc6 32.Ne2 Nc5 33.Nd4 Qc8 34.f5 a5 35.Rf3 Rg8 36.Qh4 Kh8
37.Nb5 Nd7 38.Nc3 Ne5 39.Rf2 Rg7 40.Nd5 Reg8 41.Qf4 g5 42.Qg3 Qc5 43.Rc2 Nc6
44.Qe3 g4 45.Qxc5 dxc5 46.h4 g3 47.Ne3 Ne5 48.Rd5 Ng4 49.Re2 b6 50.Kg1 Nxe3
51.Rxe3 Rg4 52.e5 Rxh4 53.exf6 exf6 54.Re6 Rd4 55.Kf1 Rf4+ 56.Ke1 Rf2 57.Re2 Rxe2+
58.Kxe2 Re8+ 59.Kf3 Kg7 60.Rd6 Re5 61.Rxb6 Rxf5+ 62.Kxg3 Rg5+ 63.Kf3 Rf5+
64.Kg3 Rg5+ 65.Kh2 Re5 66.Ra6 Kg6 67.Rxa5 Re2 68.a4 Rb2 69.Rb5 Kg5 70.Rxc5+ f5
71.Rb5 Kg4 72.c5 f4 73.Rb4 Kg5 74.Kg1 Kg4 75.Rc4 Rxb3 76.c6 Kg3 77.Rc1 f3
78.gxf3 Rb2 79.c7  1-0

[Event "chess.com SpeedChess 2024"]
[Site "chess.com INT"]
[Date "2024.07.25"]
[Round "1.19"]
[White "Nakamura,Hi"]
[Black "Martinez Alcantara,Jose Eduardo"]
[Result "1-0"]
[WhiteElo "2802"]
[BlackElo "2612"]

1.e4 c5 2.Nc3 d6 3.d4 cxd4 4.Qxd4 Nf6 5.Qd2 e6 6.b3 d5 7.exd5 exd5 8.Bb2 Bb4
9.O-O-O Be6 10.a3 Bc5 11.Nf3 Nc6 12.Bb5 O-O 13.Rhe1 a6 14.Bxc6 bxc6 15.Nd4 Bd7
16.f3 h6 17.g4 Re8 18.h4 Nh7 19.g5 hxg5 20.hxg5 Qxg5 21.f4 Qf6 22.Na4 Bd6
23.Ne6 Qxe6 24.Rxe6 Rxe6 25.Nb6 Rd8 26.f5 Re4 27.Qg2 f6 28.Nxd7 Rxd7 29.c4 Ng5
30.Kb1 Be5 31.cxd5 cxd5 32.Qc2 Bxb2 33.Qc8+  1-0

[Event "chess.com SpeedChess 2024"]
[Site "chess.com INT"]
[Date "2024.07.25"]
[Round "1.20"]
[White "Martinez Alcantara,Jose Eduardo"]
[Black "Nakamura,Hi"]
[Result "0-1"]
[WhiteElo "2612"]
[BlackElo "2802"]

1.e4 d5 2.exd5 Qxd5 3.Nc3 Qa5 4.Nf3 c6 5.d4 Bf5 6.Bc4 e6 7.Bd2 Nf6 8.Qe2 Bb4
9.O-O-O Nbd7 10.Bb3 O-O 11.Nh4 Bg6 12.Nxg6 hxg6 13.a3 Bxc3 14.Bxc3 Qc7 15.h4 b5
16.g4 Qf4+ 17.Kb1 Qxg4 18.f3 Qf5 19.Rdg1 a5 20.Rg5 Qf4 21.a4 bxa4 22.Bxa4 Rab8
23.Qd3 Nb6 24.Bxc6 Rfc8 25.Bb5 a4 26.Bd2 Qc7 27.Rc5 Qb7 28.Rxc8+ Nxc8 29.c4 Na7
30.Bf4 Ra8 31.Rc1 Nxb5 32.cxb5 Nd5 33.Bd6 Rd8 34.Be5 Qe7 35.Qa3 Qxh4 36.Qxa4 Qf2
37.Qa5 Rf8 38.Bd6 Re8 39.b6 Nxb6 40.Qxb6 Qxf3 41.Qc6 Qd3+ 42.Ka2 Rd8 43.Bc5 Rb8
44.Qa4 g5 45.Qc2 Qa6+ 46.Kb1 Ra8 47.Ba3 Qb7 48.Qd3 g4 49.Rg1 f5 50.Re1 Kf7
51.Re5 Qh1+ 52.Ka2 Rd8 53.Qc4 Rd5 54.Qc7+ Kg6 55.Rxe6+ Kh7 56.Re7 Qh6 57.Qc4 Rd8
58.Qf7 Qg6 59.Qc4 g3 60.Re6 Qg4 61.Be7 Rxd4 62.Qc5 g2 63.Re1 Ra4+ 64.Kb3 Re4
65.Rg1 f4 66.Bd6 f3 67.Ka2 Qe6+ 68.b3 Re2+ 69.Ka3 Qg6 70.Bf4 Qa6+ 71.Kb4 Re4+
72.Kc3 Qf6+ 73.Kd3 Rxf4 74.Qh5+ Qh6 75.Qxh6+ gxh6 76.Ke3 f2  0-1